Talenty : 6.trienále poslucháčov výtvarných škôl- VŠVU, AU v BB, FA STU

Gespeichert in:
Bibliographische Detailangaben
Weitere Verfasser: Juríčková, Milada (Zusammenstellung)
Format: Buch
Sprache:Slowakisch
Veröffentlicht: Senica : Záhorská galéria, 2007
Schlagworte:
Tags: Tag hinzufügen
Keine Tags, Fügen Sie das erste Tag hinzu!

MARC

LEADER 00000nam a22000003a 4500
001 stu158610
005 20150617225958.3
008 080225s2007------------------------slo-d
020 |a 978-80-85738-60-5 
040 |a STU  |b slo 
041 0 |a slo 
100 1 |a Juríčková, Milada  |4 com 
245 1 |a Talenty :  |b 6.trienále poslucháčov výtvarných škôl- VŠVU, AU v BB, FA STU 
260 |a Senica :  |b Záhorská galéria,  |c 2007 
300 |a 28 s 
650 7 |a dizajn  |2 stusub 
650 7 |a dizajn nábytkový  |2 stusub 
996 |b 284AU03868  |c A*5782 U  |l AAKNAR  |s A  |a 24  |w stu158610_0001